000 00796nam a2200229 i 4500
001 bgj
100 1 _aSCHÜTZ, Erhard
_d(1946- ).
245 1 0 _aEinführung in die deutsche Literatur des 20. Jahrhunderts.
_nB. 2,
_pWeimarer Republik, Faschismus und Exil /
_cErhard Schütz, Jochen Vogt ; Unter Mitarbeit von Karl W. Bauer [et al.].
260 _aOpladen :
_bWestdeutscher Verlag,
_c1978.
300 _a329 S. ;
_c19 cm.
490 1 _aGrundkurs Literaturgeschichte
650 9 _aDeutsche Literatur
_xLiteraturgeschichte
_y20 Jahrhundert
700 1 _aVOGT, Jochen
700 1 _aBAUER, Karl W.
830 _aGrundkurs Literaturgeschichte
020 _a3531114247
040 _cBPK
041 0 _ager
920 _a3-531-11424-7
942 _cKS
008 s gw f |000 0 ger
999 _c50916
_d50916
856 _uhttp://koha.tu.koszalin.pl/cgi-bin/koha/opac-detail.pl?biblionumber=50916
_yKatalog online BPK